|
|
|
|
| LEADER |
00000nab a2200000uu 4500 |
| 001 |
vtls011151125 |
| 003 |
SK-MaSNL |
| 005 |
20260304030550.0 |
| 008 |
230131|2001 xo |||||||||||||||||slo| |
| 015 |
|
|
|a SNBRB
|
| 035 |
|
|
|a (urnnbn)urn:nbn:sk:snk:ar-a0a1gz
|
| 035 |
|
|
|a (uuid)1eabb73b-d905-45eb-9c08-c77e2f342b54
|
| 035 |
|
|
|a urn:nbn:sk:snk-abb0me
|
| 040 |
|
|
|a SNKBUCL
|b slo
|c SNKBUCL
|e AACR2
|
| 041 |
0 |
|
|a slo
|
| 044 |
|
|
|a xo
|c SK
|
| 100 |
1 |
|
|a Dzúrik, Rastislav,
|d 1929-2014
|4 aut
|9 13378
|
| 245 |
1 |
0 |
|a Oxid dusnatý a obličky
|c R. Dzúrik, V. Spustová
|
| 700 |
1 |
|
|a Spustová, Viera,
|d 1947-
|4 aut
|9 240811
|
| 773 |
0 |
|
|t Vnitřní lékařství : časopis Internistické sekce Československé lékařské společnosti J. E. Purkyně
|g Roč. 47, č. 2 (2001), s. 101-105
|
| 954 |
|
|
|a odborná, vedecká literatúra pôvodná (slovenská)
|2 lita
|
| 958 |
|
|
|a OND
|
| 958 |
|
|
|a EUIPO
|
| 958 |
|
|
|a article14
|
| 999 |
|
|
|c 2634713
|d 2636643
|